| 000 | 00629nam a2200205 4500 | ||
|---|---|---|---|
| 003 | OSt | ||
| 005 | 20240702014753.0 | ||
| 006 | a | ||
| 008 | 240702b |||||||| |||| 00| 0 eng d | ||
| 020 | _a9780538798464 | ||
| 040 |
_aDWCL-Main lib. _cOC |
||
| 082 |
_2Sixth edition _aCirc. 005.115 F245b 2011 c2 |
||
| 100 | _aFarrell, Joyce | ||
| 245 | _aA beginners guide to programming logic & design : introductory / | ||
| 250 | _aSixth edition | ||
| 260 |
_aUSA : _bCengage Learning , _cc2011. |
||
| 300 |
_axv, _b368 pages : illustrations ; _c23cm. |
||
| 504 | _aIncludes index. | ||
| 942 |
_2ddc _n0 _cBK-CIRC _eSixth edition _kCirc. |
||
| 999 |
_c1756 _d1756 |
||